| 000 | 00454nam a22001577a 4500 | ||
|---|---|---|---|
| 003 | OSt | ||
| 005 | 20260617065244.0 | ||
| 008 | 260617b |||||||| |||| 00| 0 eng d | ||
| 040 | _cDLC | ||
| 050 |
_aREF 232.092 _bF295P |
||
| 082 |
_aREF 232.092 _bF295P |
||
| 245 |
_aPauline Christology: _bAn Exegetical - Theological Studies/ _cby Gordon D. Fee |
||
| 260 |
_aPeabody, Massachsetts: _bHendrickson Publisher, _c2007. |
||
| 300 | _a707p. | ||
| 942 |
_2ddc _cREF |
||
| 999 |
_c11645 _d11645 |
||